000 00807nam a22001817a 4500
999 _c59724
_d59724
003 Ge_BSU
005 20230407105410.0
008 230407s1972 ge ||||| |||| 00| 0 geo d
041 _ageo
080 _a792(=353.1)(09) ჯ-20
100 _aჯანელიძე, დიმიტრი
_917538
245 _aსახიობა :
_b[ნარკვევები]. წ. 2 /
_cდიმიტრი ჯანელიძე; რედაქტორი ე. ქარელიშვილი.
264 _aთბილისი :
_bხელოვნება,
_c1972.
300 _a251 გვ.;
_b22 სმ.
653 _aქართული თეატრის ისტორია
700 _aქარელიშვილი, ე.
_eრედაქტორი
_96259
942 _2udc
_cBK